REMOVABLE ORTHODONTICS (Record no. 3395)

MARC details
000 -LEADER
fixed length control field 00334nam a2200145Ia 4500
008 - FIXED-LENGTH DATA ELEMENTS--GENERAL INFORMATION
fixed length control field 150201s2003 xx 000 0 und d
082 ## - DEWEY DECIMAL CLASSIFICATION NUMBER
Classification number 617.64
Item number R2003R
100 ## - MAIN ENTRY--PERSONAL NAME
Personal name RANI,M.S.
245 ## - TITLE STATEMENT
Title REMOVABLE ORTHODONTICS
250 ## - EDITION STATEMENT
Edition statement 2ND
260 ## - PUBLICATION, DISTRIBUTION, ETC. (IMPRINT)
Name of publisher, distributor, etc. AIPD
Place of publication, distribution, etc. DELHI
Date of publication, distribution, etc. 2003
300 ## - PHYSICAL DESCRIPTION
Extent 1-240
650 ## - SUBJECT ADDED ENTRY--TOPICAL TERM
Topical term or geographic name as entry element ORTHODONTICS
942 ## - ADDED ENTRY ELEMENTS (KOHA)
Source of classification or shelving scheme Dewey Decimal Classification
Koha item type Books
Koha issues (borrowed), all copies 4
Holdings
Withdrawn status Lost status Source of classification or shelving scheme Damaged status Not for loan Home library Current library Date acquired Source of acquisition Cost, normal purchase price Serial Enumeration / chronology SGTU Bill Number Total Checkouts Full call number Barcode Date last seen Bill Date Koha item type Date last checked out
    Dewey Decimal Classification     SGT Dental Library SGT Dental Library 03/01/2006 U.B.S.DELHI 225.00 1 SGTU 825/838   617.64 R2003R FD3751 09/02/2015 14/06/2012 Books  
    Dewey Decimal Classification     SGT Dental Library SGT Dental Library 03/01/2006 U.B.S.DELHI 225.00 1 SGTU 825/838 8 617.64 R2003R FD3752 07/11/2023 14/06/2012 Books 25/10/2023